Zmeny v odpisovaní dlhodobého majetku ako výsledku uskutočňovania výskumu a vývoja bakalárska práca
Saved in:
| Main Author: | |
|---|---|
| Corporate Author: | |
| Other Authors: | |
| Format: | Book |
| Language: | Slovak |
| Published: |
Bratislava
2022
|
| Tags: |
No Tags, Be the first to tag this record!
|
MARC
| LEADER | 00000nbm a2200000 4500 | ||
|---|---|---|---|
| 001 | 0287560 | ||
| 005 | 20230123144827.9 | ||
| 041 | 0 | |a slo | |
| 044 | |a SK | ||
| 245 | 1 | 0 | |a Zmeny v odpisovaní dlhodobého majetku ako výsledku uskutočňovania výskumu a vývoja |b bakalárska práca |c Erika Biela ; školiteľ: Lea Jančičková |
| 264 | 1 | |a Bratislava |c 2022 | |
| 300 | |a 51 s. | ||
| 100 | 1 | |a Biela, Erika | |
| 700 | 1 | |a Jančičková, Lea, 1996- | |
| 710 | 2 | |a Fakulta hospodárskej informatiky EU. Katedra účtovníctva a audítorstva | |